00560nam a2200181 a 45000010010000000030011000100080041000210350026000620820014000881000024001022450034001262600046001606500035002069420012002419520090002539980020003439990015003630000-8735ELIB.Books110520 1974  a(ELIB.Books)0000-8881 a241 bGus aGustafson, James M. aTheology and Christian Ethics bPhiladelphia: A Pilgrim Press Book c1974 aDictionary of Christian Ethics 2ddccBK 00102ddc4070aKBTSbKBTSd2011-05-20l0p3228r2022-01-22 00:00:00w2022-01-22yBK cbate2011-05-20 c8735d8735